000
00315nam a2200121 a 4500
005
20140414093835.0
008
090121s19uu xx uuu eng d
050
_a
CDR 519.5
_b
MAT 1996
245
_a
The Math Resource Center :
_b
Statistics.
650
_a
Statistics
_x
Interaction.
942
_c
AVM
999
_c
108988
_d
108988